000 00908cam a2200277 a 4500
001 000010785
005 20200929162307.0
008 920828s1991 ve a b 000 0 spa d
020 _a9802594075
035 _a(OCoLC)27118568
040 _aDO-SdBNP
_cDLC
_dTxU
_dBNPHU
082 _a508.8
_bB388c
100 1 _aBecco, Horacio Jorge,
_d1924-
_926043
245 1 0 _aCrónicas de la naturaleza del Nuevo Mundo /
_cHoracio Jorge Becco.
260 _aCaracas :
_bLagoven,
_c1991.
300 _a145, [2] p. :
_bil. ;
_c21 cm.
490 1 _aCuadernos Lagoven.
_aMedio milenio
504 _aBibliografía: (p. 145-[147]).
650 4 _aHistoria natural
_zAmérica Latina
_926044
650 4 _aZoología
_zAmérica Latina
_926045
650 4 _aBotánica
_zAmérica Latina
_926046
830 0 _aCuadernos Lagoven.
_pMedio milenio.
_96272
910 _aCatalogación por copia / LC
910 _aWM
049 _aBNGR
999 _c10537
_d10537